| 000 | 00488nam a2200169Ia 4500 | ||
|---|---|---|---|
| 008 | 090201s9999 xx 000 0 und d | ||
| 010 | _aKPL-29271 | ||
| 040 | _bमराठी | ||
| 041 | _aमराठी | ||
| 082 |
_a31902 _b29271 |
||
| 100 | _aह वि दातार | ||
| 245 |
_aमोहनलाल _cह वि दातार |
||
| 260 |
_c2004 _bसुरस प्रकाशन |
||
| 300 |
_a104 _bमोठा |
||
| 600 | _aमोहनलाल | ||
| 942 | _cBOOK | ||
| 999 |
_c230301 _d230301 |
||